01092nam a22002057a 450000500170000000800410001702000180005804000070007604100120008308200170009510000210011224500910013326000260022430000300025036500640028052004690034465000330081370000210084670000190086720251013184638.0230109b ||||| |||| 00| 0 eng d a9781412963244 cAL aEnglish a361.32bVAUR aMichael G Vaughn aReadings in evidence based social workb: Syntheses of the intervention knowledge base aNew DelhibSagec2009 aviii,336pbPBc25x17.5cm. 2Generala1835b₹1440.50c₹d₹1695.00e15%f12-12-2022 aExposing readers to "what works" across a wide range of practice domains, Readings in Evidence-Based Social Work meets a growing need within schools of social work to incorporate the latest research on evidence-based practice into the curriculum. This one-of-a-kind reader synthesizes current knowledge, adds editorial commentary and questions, and presents state-of-the-art material to help students better understand which social work interventions work and why. 2Social problemsaSocial Work aHoward, Mathew O aThyer, Bruce A